| 000 | 00482nam a2200157 i 4500 | ||
|---|---|---|---|
| 001 | 141547 | ||
| 003 | ES-MaACL | ||
| 005 | 20230906200321.0 | ||
| 007 | t| | ||
| 008 | 070925s1939 gw ||||1| ger d | ||
| 100 | 1 |
_aVolkmann-Leander, Richard von. _9115701 |
|
| 245 | 1 | 0 |
_aTrèaumereien an französischen Kaminen / _cvon Richard von Volkmann-Leander. |
| 260 |
_aLeipzig : _bPhilipp Reclam, _c[1939] |
||
| 300 |
_a175 p. : _bil. ; _c18 cm. |
||
| 852 |
_aES-MaACL _jF-15522 _bR.19100 |
||
| 999 |
_c141547 _d141547 |
||